000 01495cam a22003734a 4500
001 14239927
003 ARRUPE
005 20211019095635.0
008 060124s2006 iluab b 001 0 eng
010 _a 2006002489
015 _aGBA671722
_2bnb
016 7 _a013536630
_2Uk
020 _a0226292126 (cloth : alk. paper)
020 _a9780226292120 (cloth : alk. paper)
035 _a(OCoLC)ocm63195906
035 _a(OCoLC)63195906
040 _aDLC
_cDLC
_dBAKER
_dUKM
_dC#P
_dIXA
_dBTCTA
_dDLC
042 _apcc
050 0 0 _aQ175
_b.G48899 2006
082 0 0 _a501
_222
100 1 _aGiere, Ronald N.
_918425
245 1 0 _aScientific perspectivism /
_cRonald N. Giere.
260 _aChicago :
_bUniversity of Chicago Press,
_c2006.
300 _a151 p. :
_bill. (some col.), map ;
_c24 cm.
504 _aIncludes bibliographical references (p. [137]-146) and index.
650 0 _aScience
_xPhilosophy.
650 0 _aScience
_xHistory.
856 4 1 _3Table of contents only
_uhttp://www.loc.gov/catdir/toc/ecip067/2006002489.html
856 4 2 _3Contributor biographical information
_uhttp://www.loc.gov/catdir/enhancements/fy0666/2006002489-b.html
856 4 2 _3Publisher description
_uhttp://www.loc.gov/catdir/enhancements/fy0666/2006002489-d.html
906 _a7
_bcbc
_corignew
_d1
_eecip
_f20
_gy-gencatlg
942 _2lcc
_cMONOGRAPH
999 _c130921
_d130921